[Event "Paphos op 2nd"]
[Site "Paphos"]
[Date "2024.04.30"]
[Round "7"]
[White "Leftheriotis, Alexandros"]
[Black "Isaakidis, Alexandros"]
[Result "0-1"]
[WhiteElo "2062"]
[BlackElo "2090"]
[PlyCount "74"]
[EventDate "2024.04.26"]
[EventType "swiss"]
[EventRounds "9"]
[EventCountry "CYP"]
[SourceTitle "CB19_2024"]
[SourceDate "2024.05.08"]
[SourceVersion "1"]
[SourceVersionDate "2024.05.08"]
[SourceQuality "1"]

1. e4 c6 2. d4 d5 3. e5 Bf5 4. h4 a6 5. g4 Bd7 6. Nc3 c5 7. dxc5 e6 8. Be3 Qc7 9. Nf3 Bxc5 10. Bxc5 Qxc5 11. Qd2 Nc6 12. 0-0-0 0-0-0 13. h5 h6 14. Bd3 Nge7 15. a3 Kb8 16. Na4 Qa7 17. Qc3 b6 18. Rhe1 Rc8 19. Bf1 Rc7 20. Qe3 Kb7 21. Nc3 Rhc8 22. Ne2 Na5 23. Ned4 b5 24. Kb1 Qb6 25. Bd3 Ka7 26. Nb3 Nc4 27. Qxb6+ Kxb6 28. g5 a5 29. c3 b4 30. cxb4 axb4 31. axb4 Ba4 32. Nfd4 hxg5 33. Rc1 Nc6 34. Nxc6 Bxb3 35. Bxc4 Bxc4 36. b5 Bd3+ 37. Ka2 Bxb5 0-1

[Event "EU Small Countries blitz op 8th"]
[Site "St Helier"]
[Date "2023.11.02"]
[Round "11"]
[White "Isaakidis, Alexandros"]
[Black "Berend, Fred"]
[Result "1-0"]
[WhiteElo "2174"]
[BlackElo "2193"]
[PlyCount "75"]
[EventDate "2023.11.02"]
[EventType "swiss (blitz)"]
[EventRounds "11"]
[EventCountry "GCI"]
[SourceTitle "CB46_2023"]
[SourceDate "2023.11.15"]
[SourceVersion "1"]
[SourceVersionDate "2023.11.15"]
[SourceQuality "1"]

1. d4 Nf6 2. c4 e6 3. Nf3 d5 4. Nc3 c5 5. e3 Nc6 6. cxd5 exd5 7. Bb5 Be6 8. 0-0 Bd6 9. dxc5 Bxc5 10. Bxc6+ bxc6 11. b3 0-0 12. Bb2 Bb6 13. Rc1 Qd6 14. Ne2 Bg4 15. Ng3 Rfd8 16. h3 Bc8 17. Nd4 Qf8 18. Nxc6 Rd6 19. Ba3 Bb7 20. Nd4 Qd8 21. Bxd6 Qxd6 22. Ngf5 Qe5 23. Qf3 g6 24. Nh6+ Kg7 25. Ng4 Nxg4 26. hxg4 Re8 27. Rfd1 h6 28. Nc6 Qg5 29. Rxd5 Qf6 30. Qxf6+ Kxf6 31. Rd6+ Kg7 32. Rdd1 Rc8 33. Nd4 Re8 34. Nb5 Re6 35. Nxa7 Bxa7 36. Rc7 Rb6 37. Rdd7 Bb8 38. Rxb7 1-0

[Event "EU Small Countries blitz op 8th"]
[Site "St Helier"]
[Date "2023.11.02"]
[Round "7"]
[White "Isaakidis, Alexandros"]
[Black "Gurner, Jem"]
[Result "1-0"]
[WhiteElo "2174"]
[BlackElo "1775"]
[PlyCount "93"]
[EventDate "2023.11.02"]
[EventType "swiss (blitz)"]
[EventRounds "11"]
[EventCountry "GCI"]
[SourceTitle "CB46_2023"]
[SourceDate "2023.11.15"]
[SourceVersion "1"]
[SourceVersionDate "2023.11.15"]
[SourceQuality "1"]

1. e4 c5 2. Nf3 d6 3. d4 cxd4 4. Nxd4 Nf6 5. Nc3 a6 6. h3 e5 7. Nb3 Be7 8. Be3 h6 9. Qf3 Qc7 10. 0-0-0 Be6 11. Nd5 Bxd5 12. exd5 Nbd7 13. Kb1 Rc8 14. Rd2 Nb6 15. Bxb6 Qxb6 16. Bd3 a5 17. a4 Qb4 18. Bb5+ Kf8 19. g4 g6 20. Rg1 Kg7 21. Rdd1 Rc7 22. Rge1 Rhc8 23. Re2 h5 24. g5 Nd7 25. Re4 Rc4 26. Rxc4 Rxc4 27. Bxd7 Bxg5 28. Bb5 Rf4 29. Qc3 Qxc3 30. bxc3 Rxf2 31. Nxa5 Bd2 32. Kb2 e4 33. Nxb7 e3 34. Nxd6 e2 35. Bxe2 Rxe2 36. a5 Be3 37. Nb5 f5 38. d6 Bg5 39. a6 f4 40. a7 f3 41. a8Q f2 42. Qa7+ Kh6 43. Rf1 Be3 44. Qe7 Re1 45. Qxe3+ Rxe3 46. Rxf2 Rxh3 47. d7 1-0

[Event "EU Small Countries ol 8th"]
[Site "St Helier"]
[Date "2023.11.01"]
[Round "5.2"]
[White "Volpinari, Danilo"]
[Black "Isaakidis, Alexandros"]
[Result "0-1"]
[WhiteElo "1900"]
[BlackElo "2099"]
[PlyCount "88"]
[EventDate "2023.10.29"]
[EventType "team-tourn"]
[EventRounds "9"]
[EventCountry "GCI"]
[SourceTitle "Mega2024 Update 01"]
[Source "Chessbase"]
[SourceDate "2023.11.12"]
[SourceVersion "1"]
[SourceVersionDate "2023.11.12"]
[SourceQuality "1"]
[WhiteTeam "San Marino"]
[BlackTeam "Cyprus"]
[WhiteTeamCountry "SMR"]
[BlackTeamCountry "CYP"]

1. e4 c6 2. Nf3 d5 3. Nc3 dxe4 4. Nxe4 Nf6 5. Qe2 Na6 6. d4 Bg4 7. c3 Qd5 8. Nxf6+ gxf6 9. Bf4 e6 10. Qe3 Bxf3 11. Qxf3 Qxf3 12. gxf3 Rg8 13. a4 0-0-0 14. b4 Nc7 15. Bxc7 Kxc7 16. Bc4 a5 17. bxa5 c5 18. Rd1 Rg5 19. a6 bxa6 20. Bxa6 cxd4 21. cxd4 Rgd5 22. Ke2 Rxd4 23. Rxd4 Rxd4 24. Bb5 Bd6 25. h3 Rb4 26. Rc1+ Kd8 27. Rc4 Rb2+ 28. Kf1 Ke7 29. Kg2 f5 30. Bc6 Bb4 31. Rh4 Bc5 32. Rxh7 Bxf2 33. Kf1 Rc2 34. Bb5 Bb6 35. Ke1 Bd4 36. Bd3 Ra2 37. Bb5 Bf6 38. Rh5 Rc2 39. Rh7 Kf8 40. Bd3 Rc5 41. f4 Kg8 42. Rh5 Kg7 43. Be2 Kg6 44. Kf1 Rc1+ 0-1

[Event "Thessaloniki op 3rd"]
[Site "Thessaloniki"]
[Date "2023.08.12"]
[Round "9"]
[White "Karamichos, Michail"]
[Black "Isaakidis, Alexandros"]
[Result "1-0"]
[WhiteElo "1903"]
[BlackElo "2208"]
[PlyCount "41"]
[EventDate "2023.08.05"]
[EventType "swiss"]
[EventRounds "9"]
[EventCountry "GRE"]
[SourceTitle "CBM 215 Extra"]
[Source "ChessBase"]
[SourceDate "2023.09.30"]
[SourceVersion "1"]
[SourceVersionDate "2023.09.30"]
[SourceQuality "1"]

1. Nf3 g6 2. c4 Bg7 3. d4 Nf6 4. Nc3 d5 5. Bg5 Ne4 6. Bf4 Nxc3 7. bxc3 c5 8. cxd5 cxd4 9. cxd4 Qxd5 10. e3 Nc6 11. Be2 0-0 12. 0-0 Rd8 13. Qa4 Bd7 14. Qa3 a5 15. Rac1 Nb4 16. Bc4 Qh5 17. Ng5 e6 18. Rfe1 Bc6 19. Be2 Qh4 20. g3 Qh6 21. h4 1-0

[Event "Thessaloniki op 3rd"]
[Site "Thessaloniki"]
[Date "2023.08.09"]
[Round "6"]
[White "Isaakidis, Alexandros"]
[Black "Kolytas, Spiridon"]
[Result "1/2-1/2"]
[WhiteElo "2208"]
[BlackElo "1790"]
[PlyCount "80"]
[EventDate "2023.08.05"]
[EventType "swiss"]
[EventRounds "9"]
[EventCountry "GRE"]
[SourceTitle "CBM 215 Extra"]
[Source "ChessBase"]
[SourceDate "2023.09.30"]
[SourceVersion "1"]
[SourceVersionDate "2023.09.30"]
[SourceQuality "1"]

1. d4 Nf6 2. c4 e6 3. Nf3 Bb4+ 4. Nbd2 d6 5. a3 Bxd2+ 6. Qxd2 Nbd7 7. b4 a5 8. Bb2 axb4 9. axb4 Rxa1+ 10. Bxa1 b5 11. c5 Bb7 12. e3 Qa8 13. Bb2 Bxf3 14. gxf3 Qxf3 15. Rg1 0-0 16. Bxb5 Rb8 17. Bd3 Qh3 18. f4 Ng4 19. Rg3 Qh4 20. Kd1 Ndf6 21. Qg2 Qxh2 22. Qxh2 Nxh2 23. b5 Nhg4 24. Ke2 h5 25. Rg1 Nd5 26. cxd6 cxd6 27. Ba3 Ra8 28. Bxd6 Ra2+ 29. Kf3 f5 30. e4 h4 31. Rxg4 fxg4+ 32. Kxg4 Rd2 33. exd5 Rxd3 34. b6 Rb3 35. dxe6 h3 36. f5 Rxb6 37. Be5 g6 38. d5 gxf5+ 39. Kxf5 Kf8 40. d6 Rb7 1/2-1/2

[Event "Thessaloniki op 3rd"]
[Site "Thessaloniki"]
[Date "2023.08.06"]
[Round "3"]
[White "Zhao, Chenxi"]
[Black "Isaakidis, Alexandros"]
[Result "1-0"]
[WhiteElo "2410"]
[BlackElo "2208"]
[PlyCount "55"]
[EventDate "2023.08.05"]
[EventType "swiss"]
[EventRounds "9"]
[EventCountry "GRE"]
[SourceTitle "CBM 215 Extra"]
[Source "ChessBase"]
[SourceDate "2023.09.30"]
[SourceVersion "1"]
[SourceVersionDate "2023.09.30"]
[SourceQuality "1"]

1. e4 c6 2. Nf3 d5 3. d3 g6 4. e5 Bg7 5. d4 Nh6 6. Be2 0-0 7. 0-0 f6 8. exf6 exf6 9. c4 Be6 10. Qb3 Qd7 11. Nc3 Re8 12. Re1 Nf7 13. cxd5 Bxd5 14. Nxd5 cxd5 15. Be3 Nc6 16. Rac1 Bf8 17. h4 Re6 18. h5 Rae8 19. Bd3 f5 20. Red1 Nb4 21. Bf1 a5 22. a3 a4 23. Qc3 Nc6 24. Bb5 Nd6 25. Bxa4 Ne4 26. Qb3 gxh5 27. Ne5 Qd8 28. Qxb7 1-0

[Event "Paphos op 1st"]
[Site "Paphos"]
[Date "2023.04.10"]
[Round "6"]
[White "Pezelj, Novak"]
[Black "Isaakidis, Alexandros"]
[Result "0-1"]
[WhiteElo "2489"]
[BlackElo "2162"]
[PlyCount "105"]
[EventDate "2023.04.07"]
[EventType "swiss"]
[EventRounds "9"]
[EventCountry "CYP"]
[SourceTitle "CBM 213 Extra"]
[Source "ChessBase"]
[SourceDate "2023.05.31"]
[SourceVersion "1"]
[SourceVersionDate "2023.05.31"]
[SourceQuality "1"]

1. e4 c6 2. d4 d5 3. exd5 cxd5 4. Bd3 Nc6 5. c3 Nf6 6. Bg5 Bg4 7. Ne2 e6 8. 0-0 Bd6 9. Qd2 Bh5 10. f4 Qc7 11. Ng3 Bg6 12. f5 Bxg3 13. hxg3 Bxf5 14. Bxf5 exf5 15. Bxf6 gxf6 16. Qe1+ Kf8 17. Rxf5 Re8 18. Qf2 Re6 19. Nd2 Rg8 20. Nf1 Qd6 21. Rf4 Ne7 22. Ne3 Rg5 23. Rf1 Kg7 24. g4 b5 25. Rf3 h5 26. Qh4 Rxe3 27. Rxe3 hxg4 28. Qg3 Qxg3 29. Rxg3 Nf5 30. Rd3 Nd6 31. g3 Ne4 32. a4 bxa4 33. Ra1 Rf5 34. Re3 Ng5 35. Kg2 Ne4 36. Kg1 Ng5 37. Rf1 Nf3+ 38. Kg2 Rh5 39. Rh1 Rxh1 40. Kxh1 Nd2 41. Re7 Nc4 42. Rd7 Nxb2 43. Rxd5 Nd1 44. c4 Ne3 45. Ra5 Nxc4 46. Rxa4 Nd6 47. Kg2 Kg6 48. Rxa7 Kf5 49. Re7 Nc8 50. Rxf7 Ke6 51. Rg7 f5 52. Kf2 Ne7 53. Rxe7+ 0-1

[Event "Olympiad-44"]
[Site "Chennai"]
[Date "2022.08.08"]
[Round "10.2"]
[White "Isaakidis, Alexandros"]
[Black "Ali Abdullahi, Farah"]
[Result "1-0"]
[WhiteElo "2165"]
[BlackElo "1892"]
[PlyCount "55"]
[EventDate "2022.07.29"]
[EventType "team-swiss"]
[EventRounds "11"]
[EventCountry "IND"]
[SourceTitle "CBM 210"]
[Source "ChessBase"]
[SourceDate "2022.10.31"]
[SourceVersion "1"]
[SourceVersionDate "2022.10.31"]
[SourceQuality "1"]
[WhiteTeam "Cyprus"]
[BlackTeam "Somalia"]
[WhiteTeamCountry "CYP"]
[BlackTeamCountry "SOM"]

1. e4 b6 2. d4 e6 3. Nf3 Bb7 4. Bd3 Nf6 5. e5 Nd5 6. 0-0 c5 7. dxc5 Bxc5 8. a3 Be7 9. Be4 Qc8 10. Nd4 a6 11. Nf5 exf5 12. Bxd5 Bxd5 13. Qxd5 Qc6 14. Qd3 Qe6 15. Nc3 0-0 16. Nd5 Bd8 17. Re1 Nc6 18. Nf4 Qe7 19. Bd2 Qc5 20. Bc3 Bc7 21. Nd5 Bd8 22. Rad1 Re8 23. Qxf5 Ra7 24. Nf6+ Bxf6 25. exf6 Re6 26. Rxe6 dxe6 27. Qf3 g6 28. Qxc6 1-0

[Event "Olympiad-44"]
[Site "Chennai"]
[Date "2022.07.29"]
[Round "1.2"]
[White "Isaakidis, Alexandros"]
[Black "Howell, David"]
[Result "0-1"]
[WhiteElo "2165"]
[BlackElo "2650"]
[PlyCount "128"]
[EventDate "2022.07.29"]
[EventType "team-swiss"]
[EventRounds "11"]
[EventCountry "IND"]
[SourceTitle "CBM 210"]
[Source "ChessBase"]
[SourceDate "2022.10.31"]
[SourceVersion "1"]
[SourceVersionDate "2022.10.31"]
[SourceQuality "1"]
[WhiteTeam "Cyprus"]
[BlackTeam "England"]
[WhiteTeamCountry "CYP"]
[BlackTeamCountry "ENG"]

1. d4 Nf6 2. c4 e6 3. Nf3 b6 4. g3 Be7 5. Bg2 c6 6. Nc3 Ba6 7. Qa4 0-0 8. 0-0 d5 9. Ne5 Qe8 10. Qc2 Nfd7 11. Nxd7 Qxd7 12. b3 dxc4 13. Rd1 cxb3 14. axb3 Bb7 15. Ne4 h6 16. Bf4 Na6 17. Qc1 Nb4 18. Nc3 Rfd8 19. e4 Qe8 20. Na2 Rd7 21. Nxb4 Bxb4 22. Qc4 a5 23. h4 Rc8 24. Rd3 Qd8 25. Rad1 Ra8 26. e5 Ba6 27. Qxc6 Rc8 28. Qe4 Bxd3 29. Rxd3 Rc3 30. Bf1 Rxd3 31. Bxd3 g6 32. Be3 h5 33. Bb5 Rc7 34. Bc6 Kg7 35. d5 exd5 36. Bxd5 Rd7 37. Bc4 Bc5 38. Bg5 Be7 39. Bxf7 Rd1+ 40. Kh2 Kxf7 41. e6+ Kg7 42. Qf3 Bf6 43. Bxf6+ Qxf6 44. Qxd1 Qxf2+ 45. Kh1 Kf6 46. Qd8+ Kxe6 47. Qe8+ Kd5 48. Qxg6 Qf1+ 49. Kh2 Qf2+ 50. Kh1 Qf1+ 51. Kh2 Qf2+ 52. Kh3 Qf1+ 53. Kh2 Qe2+ 54. Kg1 Qe1+ 55. Kh2 Qe2+ 56. Kg1 b5 57. Qg5+ Ke4 58. Qg6+ Ke3 59. Qg5+ Ke4 60. Qg6+ Kd4 61. Qf6+ Qe5 62. Qb6+ Kd3 63. Kh1 b4 64. Qg6+ Qe4+ 0-1

[Event "CYP-ch"]
[Site "Larnaca"]
[Date "2022.04.01"]
[Round "5"]
[White "Florentiades, Michalis"]
[Black "Isaakidis, Alexandros"]
[Result "0-1"]
[WhiteElo "1935"]
[BlackElo "2185"]
[PlyCount "84"]
[EventDate "2022.03.12"]
[EventType "tourn"]
[EventRounds "11"]
[EventCountry "CYP"]
[SourceTitle "EXT 2023"]
[Source "ChessBase"]
[SourceDate "2022.10.05"]
[SourceVersion "1"]
[SourceVersionDate "2022.10.05"]
[SourceQuality "1"]

1. b3 e5 2. Bb2 Nc6 3. c4 g6 4. e3 Bg7 5. Nf3 Nge7 6. d4 exd4 7. Nxd4 Nxd4 8. Bxd4 f6 9. Be2 d6 10. 0-0 Be6 11. Bf3 c6 12. Qe2 Nf5 13. Bb2 Qe7 14. Nc3 h5 15. Rad1 0-0-0 16. Rd2 Nh4 17. Be4 Bg4 18. f3 Be6 19. Qf2 Bh6 20. Re2 g5 21. Bb1 Kb8 22. Rd1 Rhg8 23. Ne4 f5 24. Nf6 Rgf8 25. Nxh5 g4 26. fxg4 Bg5 27. Nf4 fxg4 28. Rf1 Rde8 29. Qe1 Bc8 30. Bd3 a6 31. Bd4 Rg8 32. Kh1 Nf5 33. Bxf5 Bxf5 34. Qa5 Rgf8 35. b4 Bd3 36. b5 cxb5 37. cxb5 Bxe2 38. Qb6 Qc7 39. Qa7+ Kc8 40. bxa6 Bxf1 41. axb7+ Qxb7 42. Qa5 Rxf4 0-1

[Event "CYP-ch"]
[Site "Larnaca"]
[Date "2022.03.13"]
[Round "2"]
[White "Isaakidis, Alexandros"]
[Black "Savva, Panikos"]
[Result "1-0"]
[WhiteElo "2185"]
[BlackElo "1980"]
[PlyCount "59"]
[EventDate "2022.03.12"]
[EventType "tourn"]
[EventRounds "11"]
[EventCountry "CYP"]
[SourceTitle "EXT 2023"]
[Source "ChessBase"]
[SourceDate "2022.10.05"]
[SourceVersion "1"]
[SourceVersionDate "2022.10.05"]
[SourceQuality "1"]

1. c4 e5 2. Nc3 Nf6 3. Nf3 Nc6 4. e3 d5 5. cxd5 Nxd5 6. Bb5 Nxc3 7. bxc3 Bd7 8. d4 exd4 9. cxd4 Bb4+ 10. Bd2 Bxd2+ 11. Qxd2 0-0 12. Rc1 Ne7 13. Bd3 c6 14. 0-0 Ng6 15. Qb4 Rb8 16. Qc5 a6 17. Qh5 Qf6 18. Ng5 h6 19. Nxf7 Kxf7 20. f4 Rfe8 21. Rf2 Kf8 22. Bxg6 Re6 23. Qc5+ Kg8 24. Bd3 Re7 25. e4 Rbe8 26. e5 Qf8 27. f5 Bc8 28. f6 gxf6 29. Rxf6 Rf7 30. Bc4 1-0

[Event "CYP-ch op"]
[Site "Nicosia"]
[Date "2022.02.23"]
[Round "6"]
[White "Isaakidis, Alexandros"]
[Black "Savva, Hristoforos"]
[Result "1-0"]
[WhiteElo "2185"]
[BlackElo "1639"]
[PlyCount "59"]
[EventDate "2022.02.04"]
[EventType "swiss"]
[EventRounds "9"]
[EventCountry "CYP"]
[SourceTitle "EXT 2024"]
[Source "ChessBase"]
[SourceDate "2023.10.10"]
[SourceVersion "1"]
[SourceVersionDate "2023.10.10"]
[SourceQuality "1"]

1. c4 e6 2. Nf3 f5 3. g3 Nf6 4. Bg2 d5 5. 0-0 Bd6 6. b3 Qe7 7. Bb2 0-0 8. Ne5 b6 9. cxd5 exd5 10. d4 Bb7 11. Nc4 Re8 12. Nxd6 Qxd6 13. Nd2 Ba6 14. Re1 f4 15. gxf4 Qxf4 16. e3 Qd6 17. e4 Qf4 18. Bc1 c6 19. Nc4 Qh4 20. exd5 Nbd7 21. dxc6 Rxe1+ 22. Qxe1 Re8 23. Be3 Nf8 24. d5 Ng4 25. h3 Ne5 26. Nxe5 Rxe5 27. d6 Bc8 28. d7 Nxd7 29. cxd7 Bxd7 30. f4 1-0

[Event "CYP-ch op"]
[Site "Nicosia"]
[Date "2022.02.13"]
[Round "5"]
[White "Karathymios, Konstantinos"]
[Black "Isaakidis, Alexandros"]
[Result "0-1"]
[WhiteElo "1513"]
[BlackElo "2185"]
[PlyCount "79"]
[EventDate "2022.02.04"]
[EventType "swiss"]
[EventRounds "9"]
[EventCountry "CYP"]
[SourceTitle "CBM 207 Extra"]
[Source "ChessBase"]
[SourceDate "2022.05.31"]
[SourceVersion "1"]
[SourceVersionDate "2022.05.31"]
[SourceQuality "1"]

1. Nf3 g6 2. d4 Bg7 3. c4 d6 4. g3 e5 5. dxe5 dxe5 6. Qxd8+ Kxd8 7. Bg2 c6 8. Nc3 h6 9. Be3 Na6 10. a3 Ne7 11. b4 Nf5 12. Rd1+ Kc7 13. Bc1 Be6 14. Nd2 Rad8 15. 0-0 Rd7 16. e3 Rhd8 17. Bf3 Rd3 18. Nce4 Nd6 19. Nxd6 R3xd6 20. c5 R6d7 21. Ne4 Bd5 22. Bg2 f5 23. Nc3 Bxg2 24. Kxg2 e4 25. Rxd7+ Rxd7 26. Ne2 Be5 27. h4 Kc8 28. f4 Bf6 29. Rf2 h5 30. Ng1 Rd1 31. Rf1 Rd3 32. Rf2 Kd7 33. Rd2 Rxd2+ 34. Bxd2 Bb2 35. Nh3 Bxa3 36. Ng5 Bxb4 37. Bxb4 Nxb4 38. Nf7 a5 39. Ne5+ Ke6 40. Nxg6 0-1

[Event "EU Small Countries ol 7th"]
[Site "Sliema"]
[Date "2021.12.01"]
[Round "5.4"]
[White "Mertens, Marc"]
[Black "Isaakidis, Alexandros"]
[Result "0-1"]
[WhiteElo "2128"]
[BlackElo "2147"]
[PlyCount "93"]
[EventDate "2021.11.28"]
[EventType "team-tourn"]
[EventRounds "9"]
[EventCountry "MLT"]
[SourceTitle "CBM 205 Extra"]
[Source "ChessBase"]
[SourceDate "2022.01.31"]
[SourceVersion "1"]
[SourceVersionDate "2022.01.31"]
[SourceQuality "1"]
[WhiteTeam "Luxembourg"]
[BlackTeam "Cyprus"]
[WhiteTeamCountry "LUX"]
[BlackTeamCountry "CYP"]

1. e4 c6 2. d4 d5 3. Nc3 dxe4 4. Nxe4 Nf6 5. Nxf6+ exf6 6. Be2 Bd6 7. Bf3 0-0 8. Ne2 Qc7 9. h3 Nd7 10. 0-0 f5 11. c4 Nf6 12. c5 Be7 13. Bf4 Qa5 14. Qb3 Qa6 15. Nc3 Be6 16. Qb4 b6 17. Bxc6 bxc5 18. Qb5 Qxb5 19. Nxb5 Rad8 20. dxc5 Bxc5 21. Rac1 Be7 22. b3 Nd5 23. Bxd5 Rxd5 24. Nxa7 g5 25. Nc6 Bf6 26. Be3 Ra8 27. Bd4 Rxd4 28. Nxd4 Bxd4 29. Rc2 g4 30. Rd1 Be5 31. Re2 Bf6 32. Kh2 Kg7 33. f4 gxf3 34. gxf3 Bg5 35. b4 Bf4+ 36. Kg1 Ra4 37. Rb1 Bc4 38. Rg2+ Kf6 39. b5 Be3+ 40. Kh1 Bd5 41. b6 Bxf3 42. b7 Rxa2 43. b8Q Bxg2+ 44. Kh2 Bb7+ 45. Kg3 Bf2+ 46. Kf4 Ra4+ 47. Rb4 0-1

[Event "EU Small Countries ol 7th"]
[Site "Sliema"]
[Date "2021.11.30"]
[Round "4.3"]
[White "Hamperl, Fred A"]
[Black "Isaakidis, Alexandros"]
[Result "1/2-1/2"]
[WhiteElo "1983"]
[BlackElo "2147"]
[PlyCount "131"]
[EventDate "2021.11.28"]
[EventType "team-tourn"]
[EventRounds "9"]
[EventCountry "MLT"]
[SourceTitle "CBM 205 Extra"]
[Source "ChessBase"]
[SourceDate "2022.01.31"]
[SourceVersion "1"]
[SourceVersionDate "2022.01.31"]
[SourceQuality "1"]
[WhiteTeam "Guernsey"]
[BlackTeam "Cyprus"]
[WhiteTeamCountry "GCI"]
[BlackTeamCountry "CYP"]

1. e4 c6 2. Nc3 d5 3. Nf3 dxe4 4. Nxe4 Nf6 5. Qe2 Nxe4 6. Qxe4 Qd5 7. Qxd5 cxd5 8. d4 Nc6 9. c3 Bf5 10. Bf4 f6 11. Bb5 g5 12. Bg3 a6 13. Bxc6+ bxc6 14. 0-0 a5 15. Rfe1 e6 16. Nd2 h6 17. Nb3 Rh7 18. Nc5 Bxc5 19. dxc5 a4 20. b4 axb3 21. axb3 Rha7 22. Rxa7 Rxa7 23. b4 Ra3 24. Rc1 Bd3 25. h4 e5 26. f3 Ke7 27. Bf2 f5 28. hxg5 hxg5 29. g3 f4 30. Kg2 Ke6 31. Rh1 Ra2 32. Rh6+ Kd7 33. Rd6+ Kc7 34. gxf4 e4 35. fxe4 Bxe4+ 36. Kf1 gxf4 37. Bd4 f3 38. Rf6 Rb2 39. Kg1 Kb7 40. Kf1 Bd3+ 41. Ke1 Be4 42. Kf1 Kc7 43. Rf7+ Kd8 44. Rf8+ Ke7 45. Rf4 Ra2 46. Ke1 Re2+ 47. Kd1 Rh2 48. Ke1 Rh7 49. Kf2 Kd7 50. Rf6 Kc7 51. Ke1 Kb7 52. b5 cxb5 53. Rb6+ Kc8 54. Rf6 Rh1+ 55. Kf2 Rh2+ 56. Ke1 Rh5 57. Kf2 Kc7 58. Rf7+ Kc8 59. Rf6 Kc7 60. Rf7+ Kd8 61. Ke1 Rh6 62. Rf6 Rh1+ 63. Kf2 Rh2+ 64. Ke1 Re2+ 65. Kd1 Rc2 66. Rxf3 1/2-1/2

[Event "Larnaca OFIS op 2nd"]
[Site "Larnaca"]
[Date "2021.10.27"]
[Round "5"]
[White "Bullen, Alex"]
[Black "Isaakidis, Alexandros"]
[Result "0-1"]
[WhiteElo "2086"]
[BlackElo "2147"]
[PlyCount "122"]
[EventDate "2021.10.22"]
[EventType "swiss"]
[EventRounds "9"]
[EventCountry "CYP"]
[SourceTitle "CBM 204 Extra"]
[Source "ChessBase"]
[SourceDate "2021.11.30"]
[SourceVersion "1"]
[SourceVersionDate "2021.11.30"]
[SourceQuality "1"]

1. d4 Nf6 2. Nf3 c5 3. d5 b5 4. e4 Nxe4 5. Bd3 Nd6 6. Bf4 Qb6 7. Ng5 h6 8. Bxd6 hxg5 9. Bg3 d6 10. Nc3 c4 11. Be2 Bf5 12. a4 bxa4 13. Nxa4 Qc7 14. Qd4 Qa5+ 15. c3 Bd3 16. Bxd3 cxd3 17. 0-0 Nd7 18. Rfe1 Qc7 19. Qxd3 g6 20. Qe3 Nf6 21. c4 Bg7 22. Qxg5 0-0 23. c5 Rab8 24. Qd2 Nh5 25. c6 Nxg3 26. hxg3 Be5 27. Rac1 Rb3 28. Re3 Rb5 29. b4 Rfb8 30. Re4 Bf6 31. g4 a5 32. g5 Be5 33. bxa5 Rxa5 34. Rb4 Rbb5 35. Rxb5 Rxb5 36. Qd3 Rb4 37. Rc4 Rb8 38. g3 Rb5 39. Nc3 Rb3 40. Qc2 Rb8 41. Ne4 Kg7 42. Qd2 Rb5 43. Rb4 Ra5 44. Rb7 Qd8 45. c7 Ra1+ 46. Kg2 Qh8 47. Kf3 Qh1+ 48. Ke3 Re1+ 49. Qxe1 Qxe1+ 50. Kd3 Qc1 51. Nd2 Qc3+ 52. Ke2 Bd4 53. Ne4 Qc4+ 54. Kd1 Qd3+ 55. Nd2 Bc3 56. Kc1 Qxd2+ 57. Kb1 Qd3+ 58. Kc1 Bd2+ 59. Kb2 Qc3+ 60. Ka2 Qc4+ 61. Kb2 Ba5 0-1

[Event "Larnaca OFIS op 2nd"]
[Site "Larnaca"]
[Date "2021.10.27"]
[Round "6"]
[White "Isaakidis, Alexandros"]
[Black "Ivanov, Mikhail M"]
[Result "1/2-1/2"]
[WhiteElo "2147"]
[BlackElo "2329"]
[PlyCount "112"]
[EventDate "2021.10.22"]
[EventType "swiss"]
[EventRounds "9"]
[EventCountry "CYP"]
[SourceTitle "CBM 204 Extra"]
[Source "ChessBase"]
[SourceDate "2021.11.30"]
[SourceVersion "1"]
[SourceVersionDate "2021.11.30"]
[SourceQuality "1"]

1. e4 c5 2. Nf3 Nc6 3. d4 cxd4 4. Nxd4 e5 5. Nb5 a6 6. Nd6+ Bxd6 7. Qxd6 Qe7 8. Qd1 Nf6 9. Nc3 d6 10. Nd5 Nxd5 11. exd5 Nb8 12. c4 Nd7 13. Be2 a5 14. 0-0 Nc5 15. f4 exf4 16. Bxf4 0-0 17. Qd2 f5 18. Rae1 Qf6 19. Bf3 h6 20. Be3 b6 21. Bd4 Qd8 22. Bd1 Ra7 23. Bc2 Qg5 24. Be3 Qd8 25. b3 Raf7 26. a3 Qc7 27. Qd4 Ba6 28. Rf3 a4 29. bxa4 Nd7 30. Bf4 Qxc4 31. Qxc4 Bxc4 32. Bxd6 Ra8 33. Rxf5 Rxf5 34. Bxf5 Nf6 35. Be6+ Kh8 36. Rb1 Nxd5 37. Bxd5 Bxd5 38. Rxb6 Rxa4 39. Bb4 Ra7 40. Rd6 Ba8 41. g3 Kg8 42. Kf2 Kf7 43. Ke3 Ke8 44. Rb6 Bh1 45. Kd4 h5 46. Ke5 Kf7 47. Kd6 g5 48. Rb5 Kf6 49. Ra5 Rxa5 50. Bxa5 g4 51. Kc5 Ke6 52. Bd2 Kd7 53. Kb6 Bc6 54. Bf4 Ba4 55. Ka5 Bd1 56. Kb5 Kc8 1/2-1/2

[Event "Larnaca OFIS op 2nd"]
[Site "Larnaca"]
[Date "2021.10.27"]
[Round "3"]
[White "Isaakidis, Alexandros"]
[Black "Mis, Mieszko"]
[Result "0-1"]
[WhiteElo "2147"]
[BlackElo "2347"]
[PlyCount "96"]
[EventDate "2021.10.22"]
[EventType "swiss"]
[EventRounds "9"]
[EventCountry "CYP"]
[SourceTitle "CBM 204 Extra"]
[Source "ChessBase"]
[SourceDate "2021.11.30"]
[SourceVersion "1"]
[SourceVersionDate "2021.11.30"]
[SourceQuality "1"]

1. e4 c6 2. d4 d5 3. e5 Bf5 4. h4 h5 5. Bd3 Bxd3 6. Qxd3 Qa5+ 7. Bd2 Qa6 8. Qxa6 Nxa6 9. e6 f6 10. Nh3 Nh6 11. Nf4 Nf5 12. c3 Nc7 13. Na3 g6 14. 0-0-0 Bh6 15. Rde1 Rg8 16. Nc2 Ng7 17. Nd3 Bxd2+ 18. Kxd2 Ncxe6 19. Re2 Kf7 20. Rhe1 Rae8 21. g3 Nf8 22. a4 Nd7 23. b3 e6 24. c4 Rd8 25. Kc3 Rge8 26. c5 b6 27. b4 Rb8 28. f3 Nf5 29. g4 hxg4 30. fxg4 Ng3 31. Re3 Ne4+ 32. Rxe4 dxe4 33. Rxe4 e5 34. Kc4 exd4 35. Rxd4 Rbd8 36. Rd6 bxc5 37. bxc5 Nb6+ 38. Kd4 Rxd6+ 39. cxd6 Rd8 40. g5 Rxd6+ 41. Ke4 Nxa4 42. gxf6 Nc3+ 43. Ke3 Nd5+ 44. Kf3 Rxf6+ 45. Kg4 a5 46. Nd4 Kg7 47. Nc5 Kh6 48. Kg3 a4 0-1

[Event "Kavala op 30th"]
[Site "Kavala"]
[Date "2021.08.07"]
[Round "8"]
[White "Isaakidis, Alexandros"]
[Black "Sidiropoulos, Nikolaos"]
[Result "0-1"]
[WhiteElo "2215"]
[BlackElo "2132"]
[PlyCount "80"]
[EventDate "2021.08.01"]
[EventType "swiss"]
[EventRounds "9"]
[EventCountry "GRE"]
[SourceTitle "CBM 203 Extra"]
[Source "ChessBase"]
[SourceDate "2021.09.30"]
[SourceVersion "1"]
[SourceVersionDate "2021.09.30"]
[SourceQuality "1"]

1. e4 c6 2. d4 d5 3. e5 c5 4. dxc5 Nc6 5. f4 Nh6 6. c3 e6 7. Be3 f6 8. Bb5 fxe5 9. Qh5+ Nf7 10. fxe5 g6 11. Qe2 Qh4+ 12. g3 Qe4 13. Nf3 Nfxe5 14. 0-0 Ng4 15. Bxc6+ bxc6 16. Re1 Qxe3+ 17. Qxe3 Nxe3 18. Rxe3 Bxc5 19. Nd4 Kd7 20. Nd2 Kd6 21. N2f3 Rf8 22. Rae1 Bxd4 23. cxd4 Re8 24. Rc3 Bd7 25. Ne5 Rab8 26. b3 Rb4 27. Nf3 Reb8 28. Ree3 Rc8 29. a3 Rb5 30. b4 a5 31. bxa5 c5 32. a6 cxd4 33. Rxc8 Bxc8 34. Nxd4 Ra5 35. Rc3 Bd7 36. Kf2 Rxa6 37. Nc2 e5 38. Nb4 Ra5 39. Kf3 d4 40. Rd3 Bb5 0-1